Curiosities of roguery (Record no. 79322)
[ view plain ]
| 000 -LEADER | |
|---|---|
| fixed length control field | 00590cab a22001695a 4500 |
| 001 - CONTROL NUMBER | |
| control field | L140713 |
| 008 - FIXED-LENGTH DATA ELEMENTS--GENERAL INFORMATION | |
| fixed length control field | 071008s1850 xxk 000 0 eng d |
| 035 ## - SYSTEM CONTROL NUMBER | |
| System control number | (Sirsi) u140713 |
| 041 0# - LANGUAGE CODE | |
| Language code of text/sound track or separate title | eng |
| 245 00 - TITLE STATEMENT | |
| Title | Curiosities of roguery |
| Remainder of title | auction gangs 'established business' swindle |
| 260 ## - PUBLICATION, DISTRIBUTION, ETC. | |
| Date of publication, distribution, etc. | 1850 |
| 490 ## - SERIES STATEMENT | |
| Series statement | Chambers' Edinburgh Journal |
| Volume/sequential designation | 1850, 263-267(5) |
| 520 ## - SUMMARY, ETC. | |
| Summary, etc. | A description of a swindle used by bidders at an auction to buy goods at a knock-down price, and then sell them on at a much higher price. |
| 651 #4 - SUBJECT ADDED ENTRY--GEOGRAPHIC NAME | |
| Geographic name | United Kingdom |
| Chronological subdivision | |
| 690 ## - LOCAL SUBJECT ADDED ENTRY--TOPICAL TERM (OCLC, RLIN) | |
| Topical term or geographic name as entry element | Auctioneering |
| 9 (RLIN) | 6218 |
| 942 ## - ADDED ENTRY ELEMENTS (KOHA) | |
| Suppress in OPAC | 0 |
| Withdrawn status | Lost status | Source of classification or shelving scheme | Damaged status | Not for loan | Home library | Current library | Shelving location | Date acquired | Total Checkouts | Full call number | Barcode | Date last seen | Copy number | Price effective from | Koha item type |
|---|---|---|---|---|---|---|---|---|---|---|---|---|---|---|---|
| Dewey Decimal Classification | London | London | Basement | 08/10/2007 | BASEMENT BOX 1 | 140713-1001 | 06/08/2019 | 1 | 06/08/2019 | Archive |